000 00778nam a2200181Ia 4500
008 151018s9999 xx 000 0 und d
082 _bRBASDV48143
_a891.433
100 _aकिशनकुमार राठौड
245 _aआदर्श मातृ-पितृ भक्त श्रवणकुमार
250 _b1
260 _bराजस्थानी ग्रंथागार
_c2008
300 _a127
600 _aकिशनकुमार राठौड
630 _aआदर्श मातृ-पितृ भक्त श्रवणकुमार
700 _aकिशनकुमार राठौड
730 _aआदर्श मातृ-पितृ भक्त श्रवणकुमार
942 _cBOOK
999 _c1047273
_d1047270